Najniebezpieczniejsze góry świata - Statystyki

Ogólne statystyki
  • Ten quiz został rozwiązany 47 razy
  • Średni wynik to 4 z 10
Statystyki odpowiedzi
Wysokość Śmiertelność Góra % Poprawnych
8,611m 23% K2
98%
8,091m 32% Annapurna
64%
8,126m 21% Nanga Parbat
50%
8,481m 14% Makalu
41%
8,080m 10% Gaszerbrum I
27%
8,035m 10% Gaszerbrum II
27%
8,586m 15% Kanczendzonga
25%
6,190m 9% Denali
20%
7,937m 9% Annapurna II
11%
8,167m 16% Dhaulagiri
9%
Nie znaleziono quizów pasujących do podanych kryteriów
Rozkład punktacji
Procent ludzi z każdym wynikiem
Percentyl według liczby udzielonych odpowiedzi
Twoja historia wyników
Nie rozwiązałeś tego quizu